000 01491nam a2200301 i 4500
001 178885
003 ES-MaACL
005 20250903013328.0
008 110727s2006 sp d |||| | spa d
020 _a84-8127-156-X
080 _a51:37.02(063)
110 2 _aSociedad Española de Investigación en Educación Matemática.
_bSimposio
_n(10º.
_d2006.
_cHuesca)
_9147453
245 1 0 _aInvestigación en educación matemática
_b: actas del X Simposio de la Sociedad Española de Investigación en Educación Matemática : Huesca, 6-9 de septiembre de 2006 /
_ceditoras, Pilar Bolea Catalán, Mª José González López, Mar Moreno Moreno.
246 3 4 _aSimposio de la SEIEM.
_n10º
260 _aHuesca :
_bInstituto de Estudios Altoaragoneses ;
_aZaragoza :
_bUniversidad de Zaragoza,
_c[2006]
300 _a308 p. :
_bgráf. ;
_c24 cm.
504 _aReferencias bibliográficas.
650 7 _aMatemáticas-
_xEstudio y enseñanza-
_vCongresos y asambleas
_2
_9147449
700 1 _aBolea Catalán, Pilar.
_9147450
700 1 _aGonzález López, María José.
_9147451
700 1 _aMoreno Moreno, María del Mar.
_9147452
710 2 _aInstituto de Estudios Altoaragoneses.
_94888
710 2 _aUniversidad de Zaragoza
_97352
852 _aES-MaACL
_jA-11381
_9185751
_bR.142831
_cDEPO1
_dOlim: N-4385
_xDonación: Pilar Bolea Catalán
903 _9147450
_aBolea Catalán, Pilar
_ednr
942 _2udc
_cMONOGRAFIA
999 _c178885
_d178885